00833nam a2200169 4500008004100000020001500041050001600056100002500072240005500097245013700152260003600289300003800325500007200363505016000435650002100595700004700616171016s1980 m a|||| |||| 00| 0 spa d a9686046135 aHD37bL871810aLuthans, Fredeautor aIntroduction to Management. A Contingency Approach aIntroducciòn a la Administraciòn b: Un enfoque de contingenciasc/ Fred Luthans ; traducido por Agustìn Bàrcena Montañez aMèxicob: McGraw-Hillc, 1980 ax, 394 pàginasb: ilustraciones aIncluye: Ìndice onomàstico p. 437 e Ìndice analìtico p. 445 aIntroducciòn a la Administraciòn de Contingencia Variables de Proceso Variables Cuantitativas Variables Conductuales Variables de Sistemas Conclusiòn14aADMINISTRACIÒN aBárcena Montañez, Agustínetraductor